000 01625nam a2200397Ia 4500
001 ebr10150412
003 CaPaEBR
006 m u
007 cr cn|||||||||
008 050329s2006 nyu sb 001 0 eng d
010 _z 2005047556
020 _z1403982910
020 _z1403964890
040 _aCaPaEBR
_cCaPaEBR
035 _a(OCoLC)567962672
050 1 4 _aLB43
_b.C36 2006eb
082 0 4 _a371.01
_222
100 1 _aCampbell, Craig,
_d1949-
245 1 4 _aThe comprehensive public high school
_h[electronic resource] :
_bhistorical perspectives /
_cCraig Campbell, Geoffrey Sherington.
250 _a1st ed.
260 _aNew York :
_bPalgrave Macmillan,
_c2006.
300 _ax, 207 p.
490 1 _aSecondary education in a changing world
504 _aIncludes bibliographical references (p. [193]-199) and index.
533 _aElectronic reproduction.
_bPalo Alto, Calif. :
_cebrary,
_d2009.
_nAvailable via World Wide Web.
_nAccess may be limited to ebrary affiliated libraries.
650 0 _aComparative education.
650 0 _aComprehensive high schools
_xHistory
_vCross-cultural studies.
650 0 _aComprehensive high schools
_zAustralia
_xHistory.
650 0 _aComprehensive high schools
_zGreat Britain
_xHistory.
650 0 _aComprehensive high schools
_zUnited States
_xHistory.
655 7 _aElectronic books.
_2local
700 1 _aSherington, Geoffrey.
710 2 _aebrary, Inc.
830 0 _aSecondary education in a changing world.
856 4 0 _uhttp://site.ebrary.com/lib/rucke/Doc?id=10150412
_zAn electronic book accessible through the World Wide Web; click to view
999 _c93987
_d93987